000
00311nam a2200121Ia 4500
008
190902s9999||||xx |||||||||||||| ||und||
020
_a
0-13-790445-2
100
_a
Abdul Jabbar Khan
245
0
_a
Stray thoughts some Socio Economic Issues
260
_a
London
_b
Prentice Hall
_c
1998
300
_a
154
942
_c
BK
999
_c
2846
_d
2846